000
00264nam a22001217a 4500
082
_a
823
_b
H&C/P
245
_a
THE PRICE OF BEAUTY
260
_a
THRISSUR
_b
H&C
300
_a
46
520
_a
ENGLISH SHORT STORY
650
_a
ENGLISH SHORT STORY
_z
KERALA
942
_c
BK
999
_c
5888
_d
5888